书目信息 |
| 题名: |
呵护生命
|
|
| 作者: | 张诚 著 | |
| 分册: | ||
| 出版信息: | 北京 中国方正出版社 2007.07 |
|
| 页数: | 265页 | |
| 开本: | 21cm | |
| 丛书名: | 《道路交通安全知识》丛书 | |
| 单 册: | ||
| 中图分类: | U491 | |
| 科图分类: | ||
| 主题词: | 道路--交通运输安全--基本知识--中国 | |
| 电子资源: | ||
| ISBN: | 978-7-80216-267-9 | |
| 000 | 00919nam 2200253 450 | |
| 001 | 200805000453 | |
| 005 | 20100816154651.34 | |
| 010 | @a978-7-80216-267-9@dCNY22.00 | |
| 100 | @a20100515d2007 em y0chiy0110 ea | |
| 101 | 0 | @achi |
| 102 | @aCN@b110000 | |
| 105 | @aa z 000yy | |
| 200 | 1 | @a呵护生命@Ahe hu sheng ming@e道路交通安全常识例话@f张诚著@Fzhang cheng zhu |
| 210 | @a北京@c中国方正出版社@d2007.07 | |
| 215 | @a265页@c图@d21cm | |
| 225 | 2 | @a《道路交通安全知识》丛书 |
| 330 | @a本书将日常生活中发生的一些典型、有警示意义的交通事故案例,以及事故背后的故事、事故中的教训和启示进行了归纳梳理,总结出了50例交通安全常识。 | |
| 410 | 0 | @12001 @a《道路交通安全知识》丛书 |
| 517 | 1 | @a道路交通安全常识例话@Adao lu jiao tong an quan chang shi li hua |
| 606 | 0 | @a道路@x交通运输安全@x基本知识@y中国 |
| 690 | @aU491@v4 | |
| 701 | 0 | @a张诚@Azhang cheng@4著 |
| 801 | 0 | @aCN@c20100515 |
| 905 | @dU491@eZ082@f3 | |
| 呵护生命:道路交通安全常识例话/张诚著.-北京:中国方正出版社,2007.07 |
| 265页:图;21cm.-(《道路交通安全知识》丛书) |
| ISBN 978-7-80216-267-9:CNY22.00 |
| 本书将日常生活中发生的一些典型、有警示意义的交通事故案例,以及事故背后的故事、事故中的教训和启示进行了归纳梳理,总结出了50例交通安全常识。 |
| ● |
| 相关链接 |
|
|
|
正题名:呵护生命
索取号:U491/Z082
 
预约/预借
| 序号 | 登录号 | 条形码 | 馆藏地/架位号 | 状态 | 备注 |
| 1 | 1030881 | 210308816 | 自科二线504/504自科库 39排1列1层/ [索取号:U491/Z082] | 在馆 | |
| 2 | 1030882 | 210308825 | 自科二线504/504自科库 39排1列2层/ [索取号:U491/Z082] | 在馆 | |
| 3 | 1030883 | 210308834 | 自科二线504/504自科库 39排1列1层/ [索取号:U491/Z082] | 在馆 |